| 000 | 00766nam a22002297a 4500 | ||
|---|---|---|---|
| 999 |
_c179887 _d179887 |
||
| 005 | 20210730111325.0 | ||
| 010 | _aENG-103738 B-460856-870 ENG-129550 | ||
| 020 |
_a9789380283906 _c495.00 |
||
| 020 | _c695.00 | ||
| 035 | _aEN-87271 | ||
| 035 | _aEN-113082 | ||
| 037 | _bDBAD/PUB | ||
| 037 | _bVirtuous Pub/Ven | ||
| 082 | _aS | ||
| 100 | _aRoy-Bhattacharya, Joydeep | ||
| 245 |
_aThe storyteller of Marrakesh / _cby Joydeep Roy-Bhattacharya |
||
| 260 |
_aChennai _bTranquebar Press _c2011 |
||
| 270 |
_aVenkat Towers, 165, P.H. Road, Maduravoyal _bChennai _e600095 |
||
| 300 |
_a341p. _c23cm (Hb) |
||
| 942 |
_2ddc _cEN _mROY _hS |
||